Visualizzazione normale
Vista MARC
- Jezowska Majka
di Personal Name
Records bibliografici associati: 1
001 - CONTROL NUMBER
- control field: 24957
003 - CONTROL NUMBER IDENTIFIER
- control field: IT-RoPau
005 - DATE AND TIME OF LATEST TRANSACTION
- control field: 20140514152713.0
008 - FIXED-LENGTH DATA ELEMENTS
- fixed length control field: 140514|| aca||aabn | a|a d
040 ## - CATALOGING SOURCE
- Original cataloging agency: IT-RoPau
- Transcribing agency: IT-RoPau
100 ## - HEADING--PERSONAL NAME
- Personal name: Jezowska Majka
670 ## - SOURCE DATA FOUND
- Source citation: Work cat.: (IT-RoPau)101512: Jezowska Majka, Wibracje (Lp Sx 2555)